El aprendizaje de lenguas a través de los programas de inmersión en Finlandia /

Este artículo pretende introducir al lector en los programas de inmersión que se desarrollaran en Finlandia, ya que tan solo existe un articulo en castellano sobre dichos programas y hace referencia a los primeros estadios de su puesta en marcha. Para ello, y tras una pequeña introducción sobre el c...

Descripción completa

Detalles Bibliográficos
Autor principal: Bkörklund, Siv
Otros Autores: Lasabagaster, David
Formato: Analitica de revista
Lenguaje:español

MARC

LEADER 00000cab a2200000 a 4500
001 034581
003 UAHC_CL
005 20180802173522.0
008 060109b xx j 000 1 spa
952 |0 0  |1 0  |2 ddc  |4 0  |6 INFANC___APRENDIZAJE2504_02_000000000000000  |7 0  |8 COMP  |9 65927  |a BC  |b BC  |c General  |d 2017-08-03  |l 0  |o INFANC. APRENDIZAJE-25(04)/02  |r 2018-01-23 00:00:00  |w 2017-08-03  |y REVA 
999 |c 34581  |d 34581 
040 |a UAHC_CL  |c UAHC_CL  |d UAHC_CL 
100 1 |a Bkörklund, Siv 
245 1 3 |a El aprendizaje de lenguas a través de los programas de inmersión en Finlandia /  |c Siv Björklund, David Lasagabaster. 
500 |a Infancia y aprendizaje (España). 2002, vol. 25, (4). pp. 469-484 
520 |a Este artículo pretende introducir al lector en los programas de inmersión que se desarrollaran en Finlandia, ya que tan solo existe un articulo en castellano sobre dichos programas y hace referencia a los primeros estadios de su puesta en marcha. Para ello, y tras una pequeña introducción sobre el contexto socio lingüístico en el que se desarrolla esta experiencia de aprendizaje, se procede a la definición y caracterización de este tipo de programas, antes de pasar a analizar su establecimiento en la región de Vaasa (en un principio, ya que el éxito obtenido ha conducido a su extensión por otras regiones del país). A continuación se examinan los resultados obtenidos tanto en la L1 (finlandés) como en la L2 (sueco), puesto que consideramos que pueden resultar de interés para todas aquellas personas inmersas en la enseñanza de segundas lenguas y en la educación bilingüe. 
700 1 |a Lasabagaster, David 
773 0 |t Infancia y aprendizaje : journal of study of education and development.  |w 034546 
900 |a INFANC. APRENDIZAJE-25(04)/02 
942 |c REVA  |2 ddc